[Event "Jacarei op 2nd"]
[Site "Jacarei"]
[Date "2019.07.27"]
[Round "4"]
[White "De Mendonca, Jose Moacyr"]
[Black "Fernandes, Beatriz Ferreira111"]
[Result "1/2-1/2"]
[WhiteElo "1360"]
[BlackElo "1760"]
[PlyCount "54"]
[EventDate "2019.07.26"]
[EventType "swiss"]
[EventRounds "6"]
[EventCountry "BRA"]
[SourceTitle "CBM 191 Extra"]
[Source "ChessBase"]
[SourceDate "2019.09.30"]
[SourceVersion "1"]
[SourceVersionDate "2019.09.30"]
[SourceQuality "1"]

1. e4 d6 2. d4 Nf6 3. Nc3 g6 4. Nf3 Bg7 5. Be2 0-0 6. 0-0 Nbd7 7. h3 e5 8. dxe5 Nxe5 9. Nxe5 dxe5 10. Qxd8 Rxd8 11. Rd1 Be6 12. Bg5 c6 13. Rxd8+ Rxd8 14. Bxf6 Bxf6 15. Rd1 Rxd1+ 16. Bxd1 Be7 17. Bg4 Bxg4 18. hxg4 b5 19. Kf1 Kg7 20. Ke2 b4 21. Nd1 Kf6 22. b3 Kg5 23. Kf3 f5 24. gxf5 gxf5 25. Nb2 f4 26. Nc4 Kf6 27. Kg4 h6 1/2-1/2

[Event "Benedicto Montenegro U1600 2nd"]
[Site "Taubate/Sao Paulo"]
[Date "2019.05.04"]
[Round "1"]
[White "Claro, Yasmin Cabral"]
[Black "De Mendonca, Jose Moacyr"]
[Result "0-1"]
[WhiteElo "1800"]
[BlackElo "1382"]
[PlyCount "62"]
[EventDate "2019.05.04"]
[EventType "tourn"]
[EventRounds "9"]
[EventCountry "BRA"]
[SourceTitle "CBM 195 Extra"]
[Source "ChessBase"]
[SourceDate "2020.05.31"]
[SourceVersion "1"]
[SourceVersionDate "2020.05.31"]
[SourceQuality "1"]

1. d4 Nf6 2. Nf3 d6 3. Bf4 g6 4. e3 Bg7 5. c3 0-0 6. Bd3 c6 7. Qc2 Bg4 8. Nbd2 Re8 9. h3 Bxf3 10. Nxf3 Nbd7 11. 0-0-0 b5 12. a3 Qa5 13. g4 Rac8 14. Ne1 c5 15. f3 e5 16. Bg5 b4 17. h4 bxa3 18. bxa3 cxd4 19. h5 Rxc3 20. hxg6 Rxc2+ 21. Nxc2 Rc8 22. gxh7+ Kh8 23. Bxf6 Bxf6 24. Rdg1 Bg5 25. Rh5 Bxe3+ 26. Kb1 Rb8+ 27. Nb4 Qxa3 28. Rg2 Rxb4+ 29. Kc2 Rb2+ 30. Kd1 Qa1+ 31. Bb1 Qxb1# 0-1

[Event "Benedicto Montenegro U1600 2nd"]
[Site "Taubate/Sao Paulo"]
[Date "2019.05.04"]
[Round "3"]
[White "De Moraes, Marina Porto"]
[Black "De Mendonca, Jose Moacyr"]
[Result "1-0"]
[WhiteElo "1800"]
[BlackElo "1382"]
[PlyCount "59"]
[EventDate "2019.05.04"]
[EventType "tourn"]
[EventRounds "9"]
[EventCountry "BRA"]
[SourceTitle "CBM 195 Extra"]
[Source "ChessBase"]
[SourceDate "2020.05.31"]
[SourceVersion "1"]
[SourceVersionDate "2020.05.31"]
[SourceQuality "1"]

1. e4 e6 2. Nf3 c5 3. d4 cxd4 4. Nxd4 Bc5 5. c3 a6 6. Be3 Qb6 7. Qb3 Qxb3 8. Nxb3 Bxe3 9. fxe3 Nf6 10. N1d2 b6 11. 0-0-0 0-0 12. Bd3 Ng4 13. Rde1 Nf2 14. Bc2 Nxh1 15. Rxh1 b5 16. a3 Ra7 17. Nd4 Rc7 18. Rf1 Bb7 19. g4 Rc5 20. N2f3 a5 21. Nb3 Rc7 22. Nxa5 Ba8 23. Nd4 Bc6 24. Bd3 g6 25. Nxb5 Bxb5 26. Bxb5 Nc6 27. Nc4 Na7 28. Nd6 Nxb5 29. Nxb5 Kg7 30. Nxc7 1-0

[Event "Pindamonhangaba op 1st"]
[Site "Pindamonhangaba"]
[Date "2019.04.06"]
[Round "1"]
[White "De Mendonca, Jose Moacyr"]
[Black "Crozariol, Luiz Eduardo Andrau"]
[Result "0-1"]
[WhiteElo "1807"]
[BlackElo "1563"]
[PlyCount "88"]
[EventDate "2019.04.06"]
[EventType "swiss"]
[EventRounds "5"]
[EventCountry "BRA"]
[SourceTitle "CBM 190 Extra"]
[Source "ChessBase"]
[SourceDate "2019.07.15"]
[SourceVersion "1"]
[SourceVersionDate "2019.07.15"]
[SourceQuality "1"]

1. e4 c5 2. Nf3 d6 3. d4 cxd4 4. Nxd4 g6 5. Be3 Bg7 6. Nc3 Nf6 7. Bb5+ Nbd7 8. 0-0 a6 9. Be2 0-0 10. f4 Nc5 11. Bf3 h5 12. b4 Ne6 13. Rb1 Bd7 14. Nd5 Rc8 15. Rf2 Rc4 16. Nxe6 Bxe6 17. Bb6 Qd7 18. Ne3 Rc6 19. Bd4 Rc7 20. c3 Rfc8 21. Rd2 Ne8 22. e5 b5 23. Nd5 Bxd5 24. Bxd5 e6 25. Bf3 d5 26. Rf2 f5 27. Qd2 Bf8 28. Be2 Rb7 29. a4 Nc7 30. a5 Ne8 31. Rf3 Qh7 32. Rbf1 Rg7 33. Rh3 Kf7 34. Qe3 Qg8 35. Bb6 Be7 36. Kh1 Kf8 37. Bd3 Rxc3 38. Rc1 Rxc1+ 39. Qxc1 g5 40. Qc8 gxf4 41. Bxb5 axb5 42. a6 Rxg2 43. a7 Ra2 44. Rg3 fxg3 0-1